| 000 | 00922nam a22002295i 4500 | ||
|---|---|---|---|
| 001 | 175985 | ||
| 003 | ES-MaACL | ||
| 005 | 20230906215946.0 | ||
| 008 | 101203s2009 sp a |||| | spa d | ||
| 080 | _a929 Josefa de Jesús María | ||
| 100 | 1 |
_aSánchez-Palencia Mancebo, Isabel. _9144185 |
|
| 245 | 1 | 3 |
_aLa Hermana Josefa de Jesús María _b: la Hermana "Josa" : 1667-1751 / _c[Isabel Sánchez-Palencia Mancebo]. |
| 260 |
_aMazarambroz (Toledo) : _bAyuntamiento de Mazarambroz, _cD. L. 2009. |
||
| 300 |
_a26 p. (algunas pleg.) : _bil. bl. y n. ; _c21 cm. |
||
| 490 | 1 |
_aAyuntamiento de Mazarambroz ; _v2 |
|
| 504 | _aBbibliografía: p. 26. | ||
| 600 | 0 | 4 |
_aJosefa de Jesús María. _9144186 |
| 710 | 1 |
_aMazarambroz (Toledo). _bAyuntamiento. _9144187 |
|
| 830 | 0 |
_aAyuntamiento de Mazarambroz ; _v2 _9189884 |
|
| 852 |
_aES-MaACL _j2272-F-7 _z.- Dedicatoria autógrafa de la autora |
||
| 999 |
_c175985 _d175985 |
||